000 00716nam a2200265Ia 4500
005 20260302115630.0
008 008 260114s9999 xx 000 0 eng d
020 _a9781350481534
037 _aTextbook
040 _aCRL
040 _beng
040 _cCRL
041 _2eng
041 _aeng
084 _qCRL
100 _aMegan Alrutz, Julia Listengarten, M. Van Duyn Wood
_91122190
245 0 _aPlaying with Theory in Theatre Practice
260 _bBloomsbury
260 _bMethuen Drama
260 _c2011
650 _aLiterary Studies
856 _uhttps://doi.org/10.1007/978-0-230-36410-3?locatt=label:secondary_bloomsburyCollections
942 _cEBOOK
999 _c1686916
_d1686916